[Event "Malcolm Sim mem 1"]
[Site "Toronto CAN"]
[Date "2002.03.06"]
[Round "4"]
[White "Lucki, Arnie"]
[Black "Cohen, David"]
[Result "1/2-1/2"]
[WhiteElo "1934"]
[BlackElo "2004"]
[PlyCount "69"]
[EventDate "2002.02.13"]
[EventType "tourn"]
[EventRounds "9"]
[EventCountry "CAN"]

1. c4 e5 2. Nc3 Nf6 3. Nf3 Nc6 4. g3 d5 5. cxd5 Nxd5 6. Bg2 Be6 7. O-O Bc5 8.
Ne4 Bb6 9. Neg5 Qd7 10. Nxe6 Qxe6 11. Ng5 Qd7 12. Qb3 Nf6 13. Bxc6 bxc6 14. d3
O-O 15. Nf3 e4 16. dxe4 Nxe4 17. Bf4 Rab8 18. Qc2 Rfe8 19. Ne5 Qf5 20. Nxc6
Rbc8 21. Be3 Nxg3 22. Qxf5 Nxf5 23. Nxa7 Ra8 24. Bxb6 cxb6 25. Nc6 Rxe2 26.
Rfd1 g6 27. Rd7 Rxb2 28. Nd8 Raxa2 29. Rxa2 Rxa2 30. Nxf7 b5 31. Ne5 Nh4 32.
Kf1 Ra1+ 33. Ke2 Rh1 34. Ng4 h5 35. Nf6+ 1/2-1/2

[Event "Malcolm Sim mem 1"]
[Site "Toronto CAN"]
[Date "2002.03.06"]
[Round "4"]
[White "Sviridovitch, Alina"]
[Black "Noritsyn, Nikolay"]
[Result "0-1"]
[WhiteElo "1894"]
[BlackElo "2119"]
[PlyCount "83"]
[EventDate "2002.02.13"]
[EventType "tourn"]
[EventRounds "9"]
[EventCountry "CAN"]

1. d4 d5 2. Nf3 e6 3. Bg5 Be7 4. Bf4 c5 5. e3 Nc6 6. c3 Nf6 7. Nbd2 O-O 8. Bd3
c4 9. Bc2 b5 10. a3 a5 11. e4 Bd7 12. Ne5 b4 13. Nxc6 Bxc6 14. axb4 axb4 15.
Rxa8 Qxa8 16. e5 Nd7 17. O-O Qa5 18. cxb4 Qxb4 19. b3 c3 20. Nb1 Bb5 21. Re1
Bc5 22. dxc5 Qxf4 23. Nxc3 Bc6 24. Qd3 g6 25. Qe2 Nxc5 26. Nb1 Rb8 27. Nd2 Bb5
28. Qe3 Qxe3 29. Rxe3 Nd7 30. f4 Rc8 31. Bd1 Rc1 32. Re1 Nc5 33. g3 Nd3 34. Rf1
Nb2 35. Be2 Rxf1+ 36. Bxf1 Bxf1 37. Kxf1 Nd3 38. Ke2 Nc5 39. Ke3 Kf8 40. Kd4
Nb7 41. Nb1 Ke7 42. Nc3 0-1

[Event "Malcolm Sim mem 1"]
[Site "Toronto CAN"]
[Date "2002.03.18"]
[Round "5"]
[White "Cohen, David"]
[Black "Laughlin, Steve"]
[Result "1-0"]
[WhiteElo "2004"]
[BlackElo "2016"]
[PlyCount "101"]
[EventDate "2002.02.13"]
[EventType "tourn"]
[EventRounds "9"]
[EventCountry "CAN"]

1. e4 e5 2. Nf3 Nc6 3. Bc4 Nf6 4. Ng5 d5 5. exd5 Na5 6. Bb5+ c6 7. dxc6 bxc6 8.
Be2 h6 9. Nf3 e4 10. Ne5 Qd4 11. Ng4 Nxg4 12. Bxg4 e3 13. Bxc8 exf2+ 14. Kf1
Rxc8 15. Qe2+ Be7 16. Qxf2 Qg4 17. Nc3 O-O 18. d3 Rfe8 19. Qf4 Qh5 20. Bd2 Bg5
21. Qf2 Bf6 22. Re1 Bh4 23. g3 Rxe1+ 24. Bxe1 Bf6 25. Kg2 Re8 26. Qf3 Qc5 27.
Bd2 Nb7 28. Re1 Rxe1 29. Bxe1 Qb4 30. Qxc6 Qxb2 31. Ne4 Bd4 32. Bf2 Bxf2 33.
Nxf2 Kf8 34. a4 a5 35. c4 Qb4 36. Ne4 f5 37. Qc8+ Kf7 38. Qxf5+ Ke7 39. Qe5+
Kf7 40. Qb5 Qe7 41. Qf5+ Kg8 42. Qd5+ Kh7 43. d4 g6 44. Qe5 Qxe5 45. dxe5 Kg7
46. Kf3 Kf7 47. Ke3 Ke6 48. Kd4 Nd8 49. Nc5+ Kf5 50. Kd5 Nf7 51. e6 1-0

[Event "Malcolm Sim mem 1"]
[Site "Toronto CAN"]
[Date "2002.03.20"]
[Round "5"]
[White "Noritsyn, Nikolay"]
[Black "Lucki, Arnie"]
[Result "1-0"]
[WhiteElo "2119"]
[BlackElo "1934"]
[PlyCount "85"]
[EventDate "2002.02.13"]
[EventType "tourn"]
[EventRounds "9"]
[EventCountry "CAN"]

1. e4 d6 2. d4 Nf6 3. Nc3 g6 4. Nf3 Bg7 5. Be3 c6 6. Qd2 b5 7. Bd3 a6 8. Ne2
Qc7 9. Ng3 Bb7 10. h4 h5 11. Ng5 Ng4 12. f4 c5 13. c3 Nd7 14. f5 Nxe3 15. Qxe3
cxd4 16. cxd4 Qa5+ 17. Ke2 Qb4 18. fxg6 Qxb2+ 19. Kf3 O-O 20. gxf7+ Rxf7+ 21.
Nxf7 Rf8 22. Nf5 Rxf7 23. Kg3 e6 24. Rab1 Qxa2 25. Nxd6 Bxd4 26. Qxd4 Rg7+ 27.
Qxg7+ Kxg7 28. Nxb7 Qa3 29. Rhd1 Ne5 30. Ra1 Qc3 31. Rac1 Qa3 32. Nc5 a5 33.
Nxe6+ Kf6 34. Nf4 Nxd3 35. Nxd3 b4 36. Kf4 b3 37. e5+ Ke7 38. Nf2 Qb4+ 39. Ne4
a4 40. Rc7+ Ke8 41. Kf5 b2 42. Nf6+ Kf8 43. Rd8# 1-0

[Event "Malcolm Sim mem 1"]
[Site "Toronto CAN"]
[Date "2002.03.20"]
[Round "5"]
[White "Oparic, Ivan"]
[Black "Deslauriers, Brian"]
[Result "1-0"]
[WhiteElo "2109"]
[BlackElo "1943"]
[PlyCount "37"]
[EventDate "2002.02.13"]
[EventType "tourn"]
[EventRounds "9"]
[EventCountry "CAN"]

1. d4 d6 2. Nf3 g6 3. g3 Bg7 4. Bg2 c5 5. O-O Na6 6. Nc3 Nf6 7. h3 O-O 8. e4
cxd4 9. Nxd4 Nc5 10. Re1 Bd7 11. Bg5 a6 12. Qd2 Re8 13. Rad1 Na4 14. Nxa4 Bxa4
15. b3 Bc6 16. Nxc6 bxc6 17. e5 Nd7 18. exd6 f6 19. dxe7 1-0

[Event "Malcolm Sim mem 1"]
[Site "Toronto CAN"]
[Date "2002.03.20"]
[Round "5"]
[White "Sviridovitch, Alina"]
[Black "Boross Harmer, Peter"]
[Result "1/2-1/2"]
[WhiteElo "1894"]
[BlackElo "2110"]
[PlyCount "42"]
[EventDate "2002.02.13"]
[EventType "tourn"]
[EventRounds "9"]
[EventCountry "CAN"]

1. d4 a6 2. Nf3 b5 3. Bg5 Bb7 4. e3 Nf6 5. Nbd2 e6 6. Bd3 Be7 7. c3 c5 8. O-O
d6 9. Re1 Nbd7 10. e4 e5 11. dxe5 dxe5 12. a4 c4 13. Bc2 Qc7 14. Nf1 O-O 15.
Ng3 Bc5 16. Qe2 Ng4 17. Nh1 Ngf6 18. Rad1 Rfe8 19. Ng3 Ng4 20. Nh1 Ngf6 21. Ng3
Ng4 1/2-1/2

[Event "Malcolm Sim mem 1"]
[Site "Toronto CAN"]
[Date "2002.03.20"]
[Round "5"]
[White "Veltmann, Martin"]
[Black "Dutton, Warren"]
[Result "1-0"]
[WhiteElo "1981"]
[BlackElo "2018"]
[PlyCount "119"]
[EventDate "2002.02.13"]
[EventType "tourn"]
[EventRounds "9"]
[EventCountry "CAN"]

1. c4 g6 2. Nc3 c5 3. Nf3 Nc6 4. g3 Bg7 5. Bg2 Nh6 6. O-O O-O 7. d3 Kh8 8. a3
d6 9. Rb1 Rb8 10. Bd2 Nf5 11. b4 b6 12. e3 h5 13. Qc2 Bd7 14. Nd5 e6 15. Nf4
cxb4 16. axb4 Ne5 17. b5 Nxf3+ 18. Bxf3 e5 19. Nd5 Nh6 20. Bg2 h4 21. Ra1 Rb7
22. Ra2 Be6 23. Nb4 Bc8 24. Bxb7 Bxb7 25. e4 Bc8 26. f3 Bh3 27. Rf2 f5 28. Rxa7
f4 29. gxf4 exf4 30. Bc3 Qg5+ 31. Kh1 Rf7 32. Bxg7+ Kxg7 33. Qc3+ Kh7 34. Ra8
Ng8 35. Nd5 Be6 36. Qd4 Bxd5 37. cxd5 Rc7 38. Ra1 Qf6 39. Qxf6 Nxf6 40. Rfa2
Kh6 41. Ra6 Nd7 42. Ra7 Rxa7 43. Rxa7 Ne5 44. Rb7 Nxf3 45. Rxb6 Ne1 46. Kg1 h3
47. Rb8 Nxd3 48. b6 Kg5 49. Rh8 Nc5 50. Rxh3 Kg4 51. Rc3 Nxe4 52. b7 Nxc3 53.
b8=Q Ne4 54. Qc8+ Kf3 55. Qh3+ Ke2 56. Kg2 Ng5 57. Qg4+ f3+ 58. Kg3 Nh7 59.
Qxf3+ Kd2 60. Kg4 1-0

[Event "Malcolm Sim mem 1"]
[Site "Toronto CAN"]
[Date "2002.03.27"]
[Round "6"]
[White "Boross Harmer, Peter"]
[Black "Oparic, Ivan"]
[Result "1/2-1/2"]
[WhiteElo "2028"]
[BlackElo "2100"]
[PlyCount "37"]
[EventDate "2002.02.13"]
[EventType "tourn"]
[EventRounds "9"]
[EventCountry "CAN"]

1. c4 c5 2. Nc3 Nc6 3. e3 g6 4. d4 cxd4 5. exd4 Bg7 6. Nf3 d6 7. Be2 Nf6 8. d5
Nb8 9. Be3 Bg4 10. Bd4 Nbd7 11. O-O O-O 12. Nd2 Bxe2 13. Qxe2 Re8 14. Rfe1 a6
15. Nde4 Rc8 16. Nxf6+ Bxf6 17. Bxf6 Nxf6 18. Ne4 Nxe4 19. Qxe4 1/2-1/2

[Event "Malcolm Sim mem 1"]
[Site "Toronto CAN"]
[Date "2002.03.27"]
[Round "6"]
[White "Deslauriers, Brian"]
[Black "Veltmann, Martin"]
[Result "0-1"]
[WhiteElo "1905"]
[BlackElo "2100"]
[PlyCount "113"]
[EventDate "2002.02.13"]
[EventType "tourn"]
[EventRounds "9"]
[EventCountry "CAN"]

1. c4 Nf6 2. g3 g6 3. Bg2 Bg7 4. Nc3 d6 5. d3 O-O 6. h3 e5 7. e4 Nc6 8. Nge2
Bd7 9. O-O Qc8 10. Kh2 Nh5 11. f4 f5 12. exf5 gxf5 13. Be3 Kh8 14. a3 a5 15. d4
Qe8 16. Qd2 e4 17. d5 Ne7 18. b4 Rg8 19. Bd4 Qg6 20. Bh1 Bxd4 21. Qxd4+ Rg7 22.
Qe3 Nf6 23. b5 Rag8 24. Rg1 Nc8 25. c5 dxc5 26. Qxc5 b6 27. Qe3 Nd6 28. a4 h5
29. Qd4 Qf7 30. Rg2 Kh7 31. Rag1 Bc8 32. Rd1 Rg6 33. Kg1 Rd8 34. Nc1 Qg8 35.
Qe5 Re8 36. Qd4 Nd7 37. N1e2 Nc5 38. Nc1 Re7 39. Kh2 Qg7 40. N1e2 Nd3 41. Qxg7+
Kxg7 42. Nd4 Nc4 43. Re2 Kf7 44. h4 Kf8 45. Bg2 Reg7 46. Bh3 Nd6 47. Rg1 Nxf4
48. Rf2 Nxh3 49. Kxh3 f4+ 50. Kh2 f3 51. Nxe4 Nxe4 52. Rxf3+ Kg8 53. Rgf1 Bd7
54. Rf8+ Kh7 55. Ne6 Bxe6 56. dxe6 Rxg3 57. R8f5 0-1

[Event "Malcolm Sim mem 1"]
[Site "Toronto CAN"]
[Date "2002.03.27"]
[Round "6"]
[White "Dutton, Warren"]
[Black "Cohen, David"]
[Result "1-0"]
[WhiteElo "2018"]
[BlackElo "2004"]
[PlyCount "31"]
[EventDate "2002.02.13"]
[EventType "tourn"]
[EventRounds "9"]
[EventCountry "CAN"]

1. e4 e5 2. Nf3 Nf6 3. Nc3 Nc6 4. Bb5 Nd4 5. Bc4 Nxf3+ 6. Qxf3 Bc5 7. O-O d6 8.
h3 Be6 9. Bb3 Qd7 10. d3 O-O-O 11. Be3 Qe7 12. Bxc5 dxc5 13. Qg3 Bxb3 14. axb3
a6 15. Kh1 Nh5 16. Qg4+ 1-0

[Event "Malcolm Sim mem 1"]
[Site "Toronto CAN"]
[Date "2002.03.27"]
[Round "6"]
[White "Lucki, Arnie"]
[Black "Sviridovitch, Alina"]
[Result "1/2-1/2"]
[WhiteElo "1934"]
[BlackElo "1890"]
[PlyCount "85"]
[EventDate "2002.02.13"]
[EventType "tourn"]
[EventRounds "9"]
[EventCountry "CAN"]

1. c4 c5 2. Nc3 b6 3. Nf3 Bb7 4. d4 cxd4 5. Nxd4 e6 6. Ndb5 d6 7. e4 a6 8. Nd4
Nf6 9. Bd3 Be7 10. O-O O-O 11. Kh1 Nbd7 12. f4 Nc5 13. e5 dxe5 14. fxe5 Nxd3
15. Qxd3 Ng4 16. Bf4 Bc5 17. Rad1 Bxd4 18. Qxd4 Qxd4 19. Rxd4 Rad8 20. Rdd1
Rxd1 21. Nxd1 Rd8 22. Nc3 Rc8 23. h3 Nh6 24. Rd1 Nf5 25. Rd7 Bc6 26. Rd2 h6 27.
Kg1 g5 28. Bh2 Be8 29. Ne4 Rxc4 30. Nf6+ Kf8 31. Rd8 Ng7 32. Rd2 Rc1+ 33. Kf2
Bb5 34. g4 Ne8 35. b3 Rf1+ 36. Kg2 Nxf6 37. a4 Ne4 38. Rc2 Bd3 39. Rc8+ Ke7 40.
Rb8 Rf2+ 41. Kg1 Rf1+ 42. Kg2 Rf2+ 43. Kg1 1/2-1/2

[Event "Malcolm Sim mem 1"]
[Site "Toronto CAN"]
[Date "2002.03.27"]
[Round "6"]
[White "Noritsyn, Nikolay"]
[Black "Laughlin, Steve"]
[Result "0-1"]
[WhiteElo "2119"]
[BlackElo "2016"]
[PlyCount "58"]
[EventDate "2002.02.13"]
[EventType "tourn"]
[EventRounds "9"]
[EventCountry "CAN"]

1. e4 e5 2. Nf3 Nc6 3. d4 exd4 4. Nxd4 Nf6 5. Nxc6 bxc6 6. e5 Nd5 7. c4 Nb6 8.
Bd3 g6 9. O-O Bg7 10. f4 O-O 11. Nd2 d6 12. Nf3 Bg4 13. Qe2 Re8 14. h3 Bxf3 15.
Qxf3 dxe5 16. fxe5 Qd4+ 17. Kh1 Rxe5 18. Qxf7+ Kh8 19. Bf4 Qxd3 20. Bxe5 Bxe5
21. Rf3 Qxc4 22. Qe7 Bd6 23. Qg5 Qd5 24. Qh6 Qe5 25. g3 Qe4 26. Raf1 Rf8 27.
Kg2 Nc4 28. Qc1 Ne5 29. Qe3 Qd5 0-1

[Event "Malcolm Sim mem 1"]
[Site "Toronto CAN"]
[Date "2002.04.03"]
[Round "7"]
[White "Cohen, David"]
[Black "Deslauriers, Brian"]
[Result "1-0"]
[WhiteElo "2004"]
[BlackElo "1905"]
[PlyCount "49"]
[EventDate "2002.02.13"]
[EventType "tourn"]
[EventRounds "9"]
[EventCountry "CAN"]

1. e4 d6 2. d4 Nf6 3. Nc3 g6 4. Nf3 Bg7 5. Be2 O-O 6. Be3 a6 7. Qd3 b5 8. a3
Bb7 9. Rd1 Nbd7 10. b4 Nb6 11. Nd2 Nfd7 12. O-O e5 13. d5 f5 14. f3 f4 15. Bf2
g5 16. Ncb1 Qe7 17. c4 Kh8 18. cxb5 axb5 19. Qc2 c6 20. dxc6 Rac8 21. Bxb5 Na8
22. Rc1 Nb8 23. cxb7 Qxb7 24. Qd3 Nb6 25. Qxd6 1-0

[Event "Malcolm Sim mem 1"]
[Site "Toronto CAN"]
[Date "2002.04.03"]
[Round "7"]
[White "Lucki, Arnie"]
[Black "Boross Harmer, Peter"]
[Result "1/2-1/2"]
[WhiteElo "1925"]
[BlackElo "2110"]
[PlyCount "77"]
[EventDate "2002.02.13"]
[EventType "tourn"]
[EventRounds "9"]
[EventCountry "CAN"]

1. e4 c6 2. d4 d5 3. exd5 cxd5 4. c4 Nf6 5. Nc3 e6 6. Nf3 Be7 7. cxd5 Nxd5 8.
Bd3 O-O 9. h4 Nd7 10. Qe2 N7f6 11. Ne5 Nb4 12. Bb1 Qxd4 13. g4 Bd6 14. Nf3 Qc5
15. g5 Nfd5 16. Bd2 Bf4 17. Bxf4 Nxf4 18. Qe4 Ng6 19. h5 Nd5 20. hxg6 Nxc3 21.
gxf7+ Rxf7 22. bxc3 Qxc3+ 23. Ke2 Qxa1 24. Ne5 Qb2+ 25. Bc2 Rf5 26. f4 Qb5+ 27.
Bd3 Qb2+ 28. Kf3 Qxe5 29. Qxe5 Rxe5 30. Bxh7+ Kf7 31. fxe5 Bd7 32. Rb1 b6 33.
Be4 Rc8 34. Rb3 Bc6 35. g6+ Ke7 36. Ra3 Bxe4+ 37. Kxe4 Rc4+ 38. Kd3 Rc7 39. Kd4
1/2-1/2

[Event "Malcolm Sim mem 1"]
[Site "Toronto CAN"]
[Date "2002.04.03"]
[Round "7"]
[White "Noritsyn, Nikolay"]
[Black "Dutton, Warren"]
[Result "1-0"]
[WhiteElo "2119"]
[BlackElo "2032"]
[PlyCount "63"]
[EventDate "2002.02.13"]
[EventType "tourn"]
[EventRounds "9"]
[EventCountry "CAN"]

1. e4 e5 2. Nf3 Nc6 3. Nc3 Nf6 4. Bb5 Bc5 5. Nxe5 Bxf2+ 6. Kxf2 Nxe5 7. d4
Neg4+ 8. Kg1 c6 9. Be2 d6 10. h3 Nh6 11. Kh2 Qe7 12. Re1 g5 13. Kg1 Rg8 14. Bd3
Be6 15. d5 Bd7 16. dxc6 bxc6 17. Nd5 Qd8 18. Ne3 Qb6 19. Kh1 Be6 20. Nf5 Bxf5
21. exf5+ Kd7 22. Be3 Qa5 23. Bd4 Qd8 24. Qd2 Nh5 25. f6 Nxf6 26. Qf2 Nd5 27.
Bxh7 Nf4 28. Bxg8 Qxg8 29. Be3 Nd5 30. c4 Nxe3 31. Rxe3 f5 32. Rae1 1-0

[Event "Malcolm Sim mem 1"]
[Site "Toronto CAN"]
[Date "2002.04.01"]
[Round "7"]
[White "Sviridovitch, Alina"]
[Black "Laughlin, Steve"]
[Result "0-1"]
[WhiteElo "1891"]
[BlackElo "2016"]
[PlyCount "94"]
[EventDate "2002.02.13"]
[EventType "tourn"]
[EventRounds "9"]
[EventCountry "CAN"]

1. d4 Nf6 2. Nf3 g6 3. Bg5 Bg7 4. c3 d6 5. Nbd2 c6 6. e3 Nbd7 7. Bd3 Qc7 8. e4
e5 9. O-O h6 10. Bxf6 Nxf6 11. dxe5 dxe5 12. Nc4 Nh5 13. Qc2 O-O 14. Rfd1 Bg4
15. Be2 Nf4 16. h3 Nxe2+ 17. Qxe2 Be6 18. Rd2 b5 19. Ne3 Rfd8 20. c4 b4 21.
Rad1 Rxd2 22. Qxd2 Bf8 23. b3 Be7 24. Qb2 f6 25. Kf1 a5 26. Ke2 a4 27. Ra1 Qa5
28. Nc2 Qc5 29. Qc1 Kg7 30. Qe3 Qa5 31. Nd2 Rd8 32. f4 exf4 33. Qxf4 Bd6 34.
Qe3 Be5 35. Rd1 axb3 36. Nxb3 Bxc4+ 37. Kf3 Bxb3 38. Rxd8 Qxd8 39. Qxb3 Qd1+
40. Ke3 Qg1+ 41. Kd3 Qf1+ 42. Ke3 c5 43. Kd2 Qxg2+ 44. Ke3 Qxh3+ 45. Ke2 Qg3
46. Kd2 Qxb3 47. axb3 Kf7 0-1

[Event "Malcolm Sim mem 1"]
[Site "Toronto CAN"]
[Date "2002.04.03"]
[Round "7"]
[White "Veltmann, Martin"]
[Black "Oparic, Ivan"]
[Result "1-0"]
[WhiteElo "1981"]
[BlackElo "2100"]
[PlyCount "49"]
[EventDate "2002.02.13"]
[EventType "tourn"]
[EventRounds "9"]
[EventCountry "CAN"]

1. c4 Nf6 2. Nc3 g6 3. e4 d6 4. d4 Bg7 5. Be3 O-O 6. f3 Nfd7 7. Nge2 c5 8. Qd2
Nc6 9. d5 Nce5 10. Ng3 a6 11. h4 h5 12. Bh6 b5 13. Bxg7 Kxg7 14. f4 Nxc4 15.
Bxc4 bxc4 16. O-O-O Nf6 17. f5 Rb8 18. Qg5 Bd7 19. Rd2 Qa5 20. fxg6 fxg6 21. e5
dxe5 22. Qxe5 Rfe8 23. Rf1 Rb6 24. d6 Kh7 25. Nge4 1-0

[Event "Malcolm Sim mem 1"]
[Site "Toronto CAN"]
[Date "2002.04.08"]
[Round "8"]
[White "Boross Harmer, Peter"]
[Black "Veltmann, Martin"]
[Result "0-1"]
[WhiteElo "2110"]
[BlackElo "1981"]
[PlyCount "54"]
[EventDate "2002.02.13"]
[EventType "tourn"]
[EventRounds "9"]
[EventCountry "CAN"]

1. d4 Nf6 2. g3 g6 3. Bg2 Bg7 4. e4 O-O 5. e5 Ne8 6. c3 d6 7. Qb3 dxe5 8. Bxb7
Bxb7 9. Qxb7 Nd7 10. Ne2 exd4 11. cxd4 Nd6 12. Qc6 e5 13. d5 e4 14. O-O Ne5 15.
Qc2 Qd7 16. Kg2 Rae8 17. Bf4 Nd3 18. Bxd6 Qxd6 19. Nbc3 Re7 20. Qb3 c6 21. Rab1
Rb8 22. Qc4 Ne5 23. Qa6 Qf6 24. Nf4 g5 25. Nxe4 Qf5 26. Nd6 Qg4 27. Qe2 Qd7 0-1

[Event "Malcolm Sim mem 1"]
[Site "Toronto CAN"]
[Date "2002.04.10"]
[Round "8"]
[White "Deslauriers, Brian"]
[Black "Noritsyn, Nikolay"]
[Result "1-0"]
[WhiteElo "1943"]
[BlackElo "2119"]
[PlyCount "103"]
[EventDate "2002.02.13"]
[EventType "tourn"]
[EventRounds "9"]
[EventCountry "CAN"]

1. c4 c5 2. Nc3 Nf6 3. g3 Nc6 4. Bg2 e6 5. Nf3 Be7 6. O-O d5 7. cxd5 exd5 8. d4
O-O 9. Bg5 Be6 10. Qd2 h6 11. Bxf6 Bxf6 12. dxc5 Qd7 13. e3 Be7 14. Nd4 Bxc5
15. Nxe6 fxe6 16. Ne2 Rad8 17. Bh3 Ne5 18. Qc2 Nf3+ 19. Kg2 Bb6 20. Nf4 Ng5 21.
Bg4 d4 22. h4 Rc8 23. Qb3 Qc6+ 24. Kh2 Nf7 25. exd4 Bc7 26. Nxe6 Rfe8 27. d5
Qd6 28. Qxb7 Ne5 29. Bh3 Nf3+ 30. Kh1 Qe5 31. d6 Nxh4 32. d7 Rb8 33. dxe8=Q+
Rxe8 34. Nxc7 Rf8 35. Qd5+ Qxd5+ 36. Nxd5 Nf3 37. Rac1 Kh7 38. Rc7 Ng5 39. Bg2
Kh8 40. Kg1 Ne6 41. Rxa7 Ng5 42. Re1 Rc8 43. Ree7 Rg8 44. Nf4 h5 45. Bf1 h4 46.
gxh4 Nf3+ 47. Kh1 Nxh4 48. Bd3 Rd8 49. Be4 Rg8 50. Ra5 Nf5 51. Rxf5 Rc8 52.
Rh5+ 1-0

[Event "Malcolm Sim mem 1"]
[Site "Toronto CAN"]
[Date "2002.04.10"]
[Round "8"]
[White "Dutton, Warren"]
[Black "Sviridovitch, Alina"]
[Result "1-0"]
[WhiteElo "2018"]
[BlackElo "1894"]
[PlyCount "141"]
[EventDate "2002.02.13"]
[EventType "tourn"]
[EventRounds "9"]
[EventCountry "CAN"]

1. e4 d5 2. e5 Bf5 3. d4 e6 4. a3 c5 5. Nf3 Nc6 6. c3 Qb6 7. Bd3 Nge7 8. O-O
cxd4 9. cxd4 Nxd4 10. Nxd4 Bxd3 11. Qxd3 Ng6 12. Re1 Bc5 13. Qb5+ Qxb5 14. Nxb5
O-O 15. N5c3 Bd4 16. Nd2 Bxe5 17. Nf3 Bd6 18. g3 Rac8 19. Be3 a6 20. h4 Ne7 21.
Bd4 Nf5 22. Be5 Bc5 23. Rad1 Rfe8 24. Bd4 Nxd4 25. Nxd4 Bxa3 26. Nxd5 Bxb2 27.
Nf5 exd5 28. Ne7+ Kf8 29. Nxc8 Rxc8 30. Rxd5 b5 31. Red1 Rc1 32. Rxc1 Bxc1 33.
Rd8+ Ke7 34. Ra8 b4 35. Rxa6 b3 36. Rb6 b2 37. Kf1 h5 38. Ke2 f6 39. Kd3 Kf7
40. Ke4 Kg6 41. f4 Kh7 42. Kf5 Kh6 43. Rb8 Kh7 44. Rb5 Kh6 45. Ke4 Kg6 46. Rb6
Kh6 47. Kf5 Kh7 48. Rb8 Bd2 49. Rxb2 Be1 50. Rb3 Bf2 51. Ke4 Be1 52. f5 Bf2 53.
Kf3 Be1 54. Re3 Bd2 55. Re8 Bc3 56. Re2 Bb4 57. Ke4 Bd6 58. Re3 Bc5 59. Rf3 Bb4
60. Kd5 Bd2 61. Ke6 Bc1 62. Kf7 Bd2 63. Rd3 Bc1 64. Rd4 Be3 65. Re4 Bc1 66. g4
hxg4 67. Rxg4 Bh6 68. Rg6 Kh8 69. Rxh6+ gxh6 70. Kxf6 Kg8 71. Ke7 1-0

[Event "Malcolm Sim mem 1"]
[Site "Toronto CAN"]
[Date "2002.04.06"]
[Round "8"]
[White "Laughlin, Steve"]
[Black "Lucki, Arnie"]
[Result "1-0"]
[WhiteElo "2016"]
[BlackElo "1905"]
[PlyCount "47"]
[EventDate "2002.02.13"]
[EventType "tourn"]
[EventRounds "9"]
[EventCountry "CAN"]

1. e4 c6 2. d4 d5 3. e5 Bf5 4. c3 e6 5. Bd3 Bg6 6. Ne2 Nd7 7. O-O c5 8. f4 Qb6
9. Na3 Nh6 10. h3 cxd4 11. cxd4 a6 12. Nc2 Rc8 13. Ng3 Be7 14. f5 exf5 15. Bxh6
gxh6 16. Nxf5 Bxf5 17. Bxf5 Rg8 18. Ne3 Bg5 19. Bxd7+ Kxd7 20. Nxd5 Qxb2 21.
Rb1 Qxa2 22. Rxb7+ Ke6 23. Qf3 Be3+ 24. Nxe3 1-0

[Event "Malcolm Sim mem 1"]
[Site "Toronto CAN"]
[Date "2002.04.10"]
[Round "8"]
[White "Oparic, Ivan"]
[Black "Cohen, David"]
[Result "1-0"]
[WhiteElo "2109"]
[BlackElo "2004"]
[PlyCount "69"]
[EventDate "2002.02.13"]
[EventType "tourn"]
[EventRounds "9"]
[EventCountry "CAN"]

1. Nf3 Nf6 2. g3 g6 3. b3 Bg7 4. Bb2 O-O 5. Bg2 d5 6. O-O Bg4 7. d3 Nc6 8. Nbd2
Qd7 9. Re1 Rfe8 10. Ne5 Nxe5 11. Bxe5 c6 12. Qc1 Rad8 13. e3 Bh3 14. Bh1 Ng4
15. Bxg7 Kxg7 16. Nf3 Qf5 17. Qd2 e5 18. e4 dxe4 19. Nh4 Qd7 20. Bxe4 f5 21.
Nxf5+ gxf5 22. Qg5+ Kh8 23. Bxf5 Qd4 24. Bxg4 Qxg4 25. Qf6+ Qg7 26. Qh4 Bf5 27.
Re3 Rd4 28. Qxd4 Qf6 29. Qc3 Kg8 30. Rae1 Bh3 31. f4 c5 32. Rxe5 Rc8 33. Re8+
Rxe8 34. Rxe8+ Kf7 35. Rf8+ 1-0

[Event "Malcolm Sim mem 1"]
[Site "Toronto CAN"]
[Date "2002.03.13"]
[Round "9"]
[White "Cohen, David"]
[Black "Veltmann, Martin"]
[Result "0-1"]
[WhiteElo "2004"]
[BlackElo "1981"]
[PlyCount "102"]
[EventDate "2002.02.13"]
[EventType "tourn"]
[EventRounds "9"]
[EventCountry "CAN"]

1. e4 c5 2. Nf3 d6 3. d4 cxd4 4. Nxd4 Nf6 5. Nc3 a6 6. Be2 e6 7. Be3 Be7 8. O-O
O-O 9. f4 Nc6 10. Qe1 Nxd4 11. Bxd4 b5 12. Bf3 Bb7 13. Rd1 Qc7 14. e5 dxe5 15.
fxe5 Nd7 16. Bxb7 Qxb7 17. Ne4 Kh8 18. Nd6 Bxd6 19. exd6 e5 20. Bf2 f6 21. Qe3
Rac8 22. Qb3 Rc4 23. Qd3 Rfc8 24. c3 Qe4 25. Qxe4 Rxe4 26. Rfe1 Rxe1+ 27. Bxe1
Kg8 28. b3 Kf7 29. a4 Ke6 30. axb5 axb5 31. Ra1 Kxd6 32. Ra5 Rb8 33. Ra7 Kc6
34. Kf1 Rb7 35. Ra6+ Kd5 36. Ra5 Nc5 37. c4+ Kc6 38. b4 Nd3 39. c5 Nxe1 40.
Kxe1 Kd5 41. Ra6 Kc4 42. Rb6 Rc7 43. c6 Kxb4 44. Rb7 Rxc6 45. Rxg7 h6 46. Rg6
Ka3 47. Rxh6 b4 48. Rh8 b3 49. Kd1 Rc4 50. Ra8+ Ra4 51. Kc1 Rxa8 0-1

[Event "Malcolm Sim mem 1"]
[Site "Toronto CAN"]
[Date "2002.04.15"]
[Round "9"]
[White "Laughlin, Steve"]
[Black "Boross Harmer, Peter"]
[Result "1/2-1/2"]
[WhiteElo "2016"]
[BlackElo "2110"]
[PlyCount "20"]
[EventDate "2002.02.13"]
[EventType "tourn"]
[EventRounds "9"]
[EventCountry "CAN"]

1. d4 e6 2. c4 Nf6 3. Nc3 b6 4. Nf3 Bb7 5. Bf4 d5 6. e3 Bd6 7. Ne5 O-O 8. Bd3
Nbd7 9. O-O dxc4 10. Bxc4 Nd5 1/2-1/2

[Event "Malcolm Sim mem 1"]
[Site "Toronto CAN"]
[Date "2002.04.15"]
[Round "9"]
[White "Lucki, Arnie"]
[Black "Dutton, Warren"]
[Result "1/2-1/2"]
[WhiteElo "2050"]
[BlackElo "2025"]
[PlyCount "20"]
[EventDate "2002.02.13"]
[EventType "tourn"]
[EventRounds "9"]
[EventCountry "CAN"]

1. c4 c5 2. Nc3 Nc6 3. Nf3 Nf6 4. d4 cxd4 5. Nxd4 g6 6. g3 Bg7 7. Bg2 O-O 8.
O-O Qa5 9. Nb3 Qh5 10. e4 Qxd1 1/2-1/2

[Event "Malcolm Sim mem 1"]
[Site "Toronto CAN"]
[Date "2002.04.17"]
[Round "9"]
[White "Noritsyn, Nikolay"]
[Black "Oparic, Ivan"]
[Result "1/2-1/2"]
[WhiteElo "2119"]
[BlackElo "2109"]
[PlyCount "94"]
[EventDate "2002.02.13"]
[EventType "tourn"]
[EventRounds "9"]
[EventCountry "CAN"]

1. e4 Nf6 2. Nc3 d5 3. exd5 Nxd5 4. Bc4 c6 5. Qf3 e6 6. Nge2 Nd7 7. d4 Be7 8.
Bd2 a6 9. Qg3 N7f6 10. O-O-O b5 11. Nxd5 cxd5 12. Bd3 g6 13. Bh6 Bd7 14. Qe5
Rc8 15. g4 Rg8 16. h3 b4 17. f4 Bb5 18. Ng3 Nd7 19. Qe3 Nb6 20. Rhe1 Bxd3 21.
Qxd3 Nc4 22. Kb1 Qb6 23. f5 Na3+ 24. bxa3 Rc3 25. a4 Rxd3 26. Rxd3 gxf5 27.
gxf5 Bh4 28. Bf4 Kd7 29. fxe6+ fxe6 30. Be5 Qc6 31. Rf1 Rc8 32. Rf2 Qxa4 33.
Rdf3 Rc3 34. Rf7+ Kc6 35. Rg7 Qa3 36. Rg2 Rf3 37. Rg1 Qe3 38. Nh5 Qe2 39. Nf4
Qd2 40. Nxe6 Rf2 41. Rc7+ Kb6 42. Bd6 Rg2 43. Rxg2 Qxg2 44. Bc5+ Kb5 45. Rb7+
Kc6 46. Rc7+ Kb5 47. Rb7+ Kc6 1/2-1/2

[Event "Malcolm Sim mem 1"]
[Site "Toronto CAN"]
[Date "2002.04.15"]
[Round "9"]
[White "Sviridovitch, Alina"]
[Black "Deslauriers, Brian"]
[Result "1/2-1/2"]
[WhiteElo "1894"]
[BlackElo "1943"]
[PlyCount "94"]
[EventDate "2002.02.13"]
[EventType "tourn"]
[EventRounds "9"]
[EventCountry "CAN"]

1. d4 g6 2. c4 Bg7 3. Nc3 d6 4. Nf3 Nd7 5. g3 e5 6. d5 Ne7 7. e4 O-O 8. Bg2 a5
9. O-O h6 10. Ne1 f5 11. Nd3 fxe4 12. Nxe4 Nf6 13. Be3 Nf5 14. Qd2 Ng4 15. Rad1
Ngxe3 16. fxe3 h5 17. Nc3 Bh6 18. Rde1 g5 19. Qe2 g4 20. e4 Nd4 21. Rxf8+ Qxf8
22. Qf2 Qg7 23. b3 Bd7 24. Rf1 Rf8 25. Qxf8+ Qxf8 26. Rxf8+ Kxf8 27. Kf2 Kf7
28. c5 Nc2 29. cxd6 cxd6 30. Nb2 Bd2 31. Nb1 Be3+ 32. Ke2 Bg1 33. Nc4 Bb5 34.
Kf1 Bxc4+ 35. bxc4 Bd4 36. Ke2 Ne3 37. Bf1 Nxc4 38. h3 Ke7 39. hxg4 hxg4 40.
Kd3 Nb6 41. Be2 Nd7 42. Nd2 Nc5+ 43. Kc4 Bf2 44. Bxg4 Bxg3 45. Bf5 Kd8 46. Kb5
Kc7 47. Nc4 a4 1/2-1/2